MAASAI MARA UNIVERSITY

LIBRARY CATALOGUE

Contact Us: +254 020 2685356/7 or 0774 057787

Box: 861-20500, NAROK, KENYA

Email: info@mmarau.ac.ke

_Maneno yanayotatanisha kimaana na kimatamshi (Record no. 5929)

MARC details
000 -LEADER
fixed length control field 00369nam a2200133Ia 4500
008 - FIXED-LENGTH DATA ELEMENTS--GENERAL INFORMATION
fixed length control field 151021s9999 xx 000 0 und d
020 ## - INTERNATIONAL STANDARD BOOK NUMBER
International Standard Book Number 9966465758
050 ## - LIBRARY OF CONGRESS CALL NUMBER
Classification number PL8703.M282004
245 ## - TITLE STATEMENT
Title _Maneno yanayotatanisha kimaana na kimatamshi
260 ## - PUBLICATION, DISTRIBUTION, ETC. (IMPRINT)
Place of publication, distribution, etc. Nairobi EAEP 2004
300 ## - PHYSICAL DESCRIPTION
Extent 170p.
650 ## - SUBJECT ADDED ENTRY--TOPICAL TERM
Topical term or geographic name as entry element _Manenoyanayotatanisha
980 ## - EQUIVALENCE OR CROSS-REFERENCE-SERIES STATEMENT--PERSONAL NAME/TITLE [LOCAL, CANADA]
Personal name ^d20110107 12:27:20^okorir

No items available.

© 2016 Maasai Mara University.